<?xml version="1.0" encoding="UTF-8"?>
<record
    xmlns:xsi="http://www.w3.org/2001/XMLSchema-instance"
    xsi:schemaLocation="http://www.loc.gov/MARC21/slim http://www.loc.gov/standards/marcxml/schema/MARC21slim.xsd"
    xmlns="http://www.loc.gov/MARC21/slim">

  <leader>01482cam a22002895a 4500</leader>
  <controlfield tag="001">12437617</controlfield>
  <controlfield tag="005">20160105150008.0</controlfield>
  <controlfield tag="008">130930t2015    nyua   frb    001 0 eng d</controlfield>
  <datafield tag="020" ind1=" " ind2=" ">
    <subfield code="a">1259253740</subfield>
  </datafield>
  <datafield tag="020" ind1=" " ind2=" ">
    <subfield code="a">9781259253744</subfield>
  </datafield>
  <datafield tag="040" ind1=" " ind2=" ">
    <subfield code="a">DLC</subfield>
    <subfield code="b">eng</subfield>
    <subfield code="c">DLC</subfield>
    <subfield code="d">YDX</subfield>
    <subfield code="d">YDXCP</subfield>
    <subfield code="d">OCLCF</subfield>
    <subfield code="d">UKMGB</subfield>
    <subfield code="d">SIITE</subfield>
    <subfield code="d">EG-ScBUE</subfield>
  </datafield>
  <datafield tag="082" ind1="0" ind2="4">
    <subfield code="a">658.311</subfield>
    <subfield code="2">22</subfield>
    <subfield code="b">HEN</subfield>
  </datafield>
  <datafield tag="100" ind1="1" ind2=" ">
    <subfield code="a">Heneman, Herbert Gerhard,</subfield>
    <subfield code="d">1944-</subfield>
    <subfield code="9">38982</subfield>
  </datafield>
  <datafield tag="245" ind1="1" ind2="0">
    <subfield code="a">Staffing organizations /</subfield>
    <subfield code="c">Herbert G. Heneman III, Timothy A. Judge, John D. Kammeyer-Mueller.</subfield>
  </datafield>
  <datafield tag="250" ind1=" " ind2=" ">
    <subfield code="a">8th ed, International ed.</subfield>
  </datafield>
  <datafield tag="260" ind1=" " ind2=" ">
    <subfield code="a">New York :</subfield>
    <subfield code="b">McGraw-Hill Education,</subfield>
    <subfield code="c">2015.</subfield>
  </datafield>
  <datafield tag="300" ind1=" " ind2=" ">
    <subfield code="a">xviii, 750 p. :</subfield>
    <subfield code="b">ill. ;</subfield>
    <subfield code="c">24 cm.</subfield>
  </datafield>
  <datafield tag="500" ind1=" " ind2=" ">
    <subfield code="a">This International student edition is for use outside the U.S.</subfield>
  </datafield>
  <datafield tag="504" ind1=" " ind2=" ">
    <subfield code="a">Includes bibliographical references and indexes.</subfield>
  </datafield>
  <datafield tag="505" ind1="0" ind2=" ">
    <subfield code="a">The nature of staffing -- Staffing models and strategy -- Support activities -- Legal compliance -- Planning -- Job analysis and rewards -- Staffing activities: recruitment -- External recruitment -- Internal recruitment -- Staffing activities : selection -- Measurement -- External selection -- Internal selection -- Decision making -- Final match -- Staffing system and retention -- Management -- Staffing system management -- Endnotes -- Index.</subfield>
  </datafield>
  <datafield tag="650" ind1=" " ind2="7">
    <subfield code="a">Employees</subfield>
    <subfield code="x">Recruiting.</subfield>
    <subfield code="2">BUEsh</subfield>
    <subfield code="9">38983</subfield>
  </datafield>
  <datafield tag="650" ind1=" " ind2="7">
    <subfield code="a">Employee selection.</subfield>
    <subfield code="2">BUEsh</subfield>
    <subfield code="9">38981</subfield>
  </datafield>
  <datafield tag="653" ind1=" " ind2=" ">
    <subfield code="b">BUSADM</subfield>
    <subfield code="c">August2015</subfield>
    <subfield code="c">January2016</subfield>
  </datafield>
  <datafield tag="700" ind1="1" ind2=" ">
    <subfield code="a">Judge, Tim.</subfield>
  </datafield>
  <datafield tag="700" ind1="1" ind2=" ">
    <subfield code="a">Kammeyer-Mueller, John.</subfield>
  </datafield>
  <datafield tag="942" ind1=" " ind2=" ">
    <subfield code="2">ddc</subfield>
  </datafield>
  <datafield tag="999" ind1=" " ind2=" ">
    <subfield code="c">20436</subfield>
    <subfield code="d">20408</subfield>
  </datafield>
  <datafield tag="952" ind1=" " ind2=" ">
    <subfield code="0">0</subfield>
    <subfield code="1">0</subfield>
    <subfield code="2">ddc</subfield>
    <subfield code="4">0</subfield>
    <subfield code="7">0</subfield>
    <subfield code="8">Baccah</subfield>
    <subfield code="a">MAIN</subfield>
    <subfield code="b">MAIN</subfield>
    <subfield code="c">1ST</subfield>
    <subfield code="d">2015-08-03</subfield>
    <subfield code="e">Purchase</subfield>
    <subfield code="g">394.00</subfield>
    <subfield code="h">21758</subfield>
    <subfield code="l">0</subfield>
    <subfield code="o">658.311 HEN</subfield>
    <subfield code="p">000039016</subfield>
    <subfield code="r">2025-07-15 00:00:00</subfield>
    <subfield code="v">493.00</subfield>
    <subfield code="y">BB</subfield>
  </datafield>
</record>
